| 000 | 00561nam a2200205 a 4500 | ||
|---|---|---|---|
| 005 | 20230915063538.0 | ||
| 008 | 030318s1997 mx r 000 0 spa d | ||
| 020 | _a8433910655 | ||
| 035 | _aUPN01000123034 | ||
| 049 | _aCG | ||
| 050 | 4 |
_aPQ6670 _bU7.7 C6 |
|
| 100 | 1 |
_aTusquets, Esther, _d1936- |
|
| 245 | 1 | 0 |
_aCon la miel en los labios / _cEsther Tusquets. |
| 260 |
_aBarcelona, Esp. : _bAnagrama, _c1997. |
||
| 300 | _a201 p. | ||
| 440 | 0 |
_aNarrativas hispánicas ; _v235 |
|
| 650 | 4 |
_aNovela española _ySiglo XX _99779 |
|
| 902 | _aemo | ||
| 905 | _aLibro | ||
| 999 |
_c95215 _d95215 |
||